| 000 | 00686nam a2200217 i 4500 | ||
|---|---|---|---|
| 001 | bgj | ||
| 100 | 1 | _aŚCIBOROWSKA, Barbara | |
| 245 | 1 | 0 |
_aSuperKids : _bksiążka ucznia / _cBarbara Ściborowska, Ilona Kubrakiewicz ; Music by Maciej Zieliński. |
| 260 |
_aWarszawa : _bMacmillan Polska, _cc. 2005. |
||
| 300 | _acompact disc. | ||
| 650 | 9 |
_aEnglish language _xPrimary schools _xA2 _xElementary |
|
| 655 | _aTextbooks for foreigners | ||
| 700 | 1 |
_aKUBRAKIEWICZ, Ilona. _eco-author |
|
| 700 | 1 |
_aZIELIŃSKI, Marcin. _eco-author |
|
| 020 | _a8389162598 | ||
| 040 | _cBPK | ||
| 041 | 0 | _aeng | |
| 920 | _a83-89162-59-8 | ||
| 942 | _cCD | ||
| 008 | s uk f |000 0 eng | ||
| 999 |
_c41231 _d41231 |
||
| 856 |
_uhttp://koha.tu.koszalin.pl/cgi-bin/koha/opac-detail.pl?biblionumber=41231 _yKatalog online BPK |
||